Are You A Real KPOP Fan? (KPOP Quiz pt2) - Statistics

General Stats
  • This quiz has been taken 214 times
  • The average score is 6 of 10
Answer Stats
Question Answer % Correct
Itzy has 5 members, which one of the following idols is not in Itzy? Chaewon
89%
Which one of these idols has the nickname "Golden Maknae" Jungkook
88%
What group came from the survival show Iland? Enhypen
86%
Which one of these idols was born in the US? Joshua
69%
True or False: Shinee debuted with the song "Ringdingdong" False
67%
Which Red Velvet member came into the group late? Yeri
55%
Which seventeen member was part of a television show? Jun
41%
Which one of these idols is a Graff ambassador? Sana
34%
Who is the center of TXT? Beomgyu
22%
Who was the first kpop group to preform in Coachella? Epik High
18%
No matching quizzes found
Score Distribution
Percent of People with Each Score
Percentile by Number Answered
Your Score History
You have not taken this quiz